|
|
|
|
| LEADER |
00913nam a22002417a 4500 |
| 001 |
AAL4132 |
| 003 |
BD-DhAAL |
| 005 |
20250318134035.0 |
| 008 |
160315s 1999bg ||||| |||| 00| 0 ben d |
| 040 |
|
|
|a BD-DhAAL
|c BD-DhAAL
|
| 082 |
|
|
|a 297.12
|
| 100 |
|
|
|a দৌলতানা, মমতাজ
|9 18530
|
| 245 |
|
|
|a আল-কোরান এক মহাবিজ্ঞান /
|c মমতাজ দৌলতানা
|
| 250 |
|
|
|a 1st ed.
|
| 260 |
|
|
|a ঢাকা :
|b জ্ঞানকোষ প্রকাশনী,
|c ১৯৯৯
|
| 300 |
|
|
|a ১৯২ পৃ. ;
|c ২২ সে.মি.
|
| 541 |
|
|
|e 4132
|
| 630 |
|
|
|a Qurʼan.
|
| 650 |
|
|
|a Islam.
|
| 852 |
|
|
|a Savar Campus Library
|c General Shelf
|
| 942 |
|
|
|2 ddc
|c BK
|
| 999 |
|
|
|c 37122
|d 37122
|
| 952 |
|
|
|0 0
|1 0
|2 ddc
|4 0
|6 297_120000000000000_DOU
|7 0
|9 58385
|a SCL
|b SCL
|c GEN
|d 2016-03-15
|g 100.00
|l 2
|o 297.12 DOU
|p 3020004132
|r 2023-11-02
|s 2023-10-26
|t 1
|w 2016-03-15
|y BK
|